Municipal Districts of Ireland - Statistics

General Stats
  • This quiz has been taken 18 times
  • The average score is 37 of 139
Answer Stats
County Council Unit Answer % Correct
Carlow MD Carlow
73%
Cavan MD Cavan-Belturbet
73%
Donegal MD Donegal
73%
Dún Laoghaire - Rathdown LEA Dún Laoghaire
64%
Clare MD Ennis
64%
Wexford BD Wexford
64%
Wicklow MD Wicklow
64%
Limerick Met D Limerick City
55%
Clare MD Shannon
55%
Waterford Met D Waterford City
55%
Mayo MD Ballina
45%
County Cork MD Cobh
45%
Dún Laoghaire - Rathdown LEA Dundrum
45%
County Cork MD East Cork
45%
Fingal LEA Howth-Malahide
45%
Kildare MD Kildare-Newbridge
45%
Donegal MD Letterkenny-Milford
45%
Longford MD Longford
45%
Roscommon MD Roscommon
45%
Sligo BD Sligo
45%
Sligo MD Sligo-Drumcliff
45%
Clare MD West Clare
45%
Wicklow MD Arklow
36%
Roscommon MD Athlone
36%
Westmeath MD Athlone-Moate
36%
Dublin City LEA Ballymun-Finglas
36%
County Cork MD Bandon-Kinsale
36%
Wicklow MD Bray
36%
Dublin City LEA Cabra-Glasnevin
36%
Mayo MD Castlebar
36%
Louth MD Dundalk
36%
Dún Laoghaire - Rathdown LEA Glencullen-Sandyford
36%
Donegal MD Inishowen
36%
County Cork MD Kanturk-Mallow
36%
Kilkenny MD Kilkenny City
36%
Dún Laoghaire - Rathdown LEA Killiney-Shankill
36%
Monaghan MD Monaghan
36%
Westmeath MD Mullingar-Kinnegad
36%
Fingal LEA Swords
36%
Kerry MD Tralee
36%
Carlow MD Tullow
36%
County Cork MD West Cork
36%
Kerry MD An Daingean-Castleisland
27%
Dublin City LEA Artane-Whitehall
27%
County Galway MD Athenry
27%
Cavan MD Bailieborough-Cootehill
27%
Dún Laoghaire - Rathdown LEA Blackrock
27%
County Cork MD Carrigaline
27%
Kildare MD Clane-Maynooth
27%
County Galway MD Conamara
27%
Cork City LEA Cork City North-East
27%
Cork City LEA Cork City North-West
27%
Cork City LEA Cork City South-Central
27%
Cork City LEA Cork City South-East
27%
Cork City LEA Cork City South-West
27%
Louth BC Drogheda
27%
County Cork MD Fermoy
27%
Wicklow MD Greystones
27%
Clare MD Killaloe
27%
Kerry MD Killarney
27%
Dublin City LEA Kimmage-Rathmines
27%
Donegal MD Lifford-Stranorlar
27%
County Galway MD Loughrea
27%
Carlow MD Muinebeag
27%
Kildare MD Naas
27%
Meath MD Navan
27%
Limerick MD Newcastle West
27%
Dublin City LEA North Inner City
27%
Laois MD Portlaoise
27%
South Dublin LEA Rathfarnham-Templeogue
27%
Dublin City LEA South East Inner City
27%
Dublin City LEA South West Inner City
27%
Dún Laoghaire - Rathdown LEA Stillorgan
27%
County Galway MD Tuam
27%
Fingal LEA Balbriggan
18%
Leitrim MD Ballinamore
18%
County Galway MD Ballinasloe
18%
Dublin City LEA Ballyfermot-Drimnagh
18%
Cavan MD Ballyjamesduff
18%
Longford MD Ballymahon
18%
Wicklow MD Baltinglass
18%
Fingal LEA Blanchardstown-Mulhuddart
18%
Tipperary MD Cahir-Cashel
18%
Leitrim MD Carrick-on-Shannon
18%
Tipperary MD Carrick-on-Suir
18%
Kildare MD Celbridge-Leixlip
18%
Dublin City LEA Clontarf
18%
Dublin City LEA Donaghmede
18%
Waterford MD Dungarvan-Lismore
18%
Wexford MD Enniscorthy
18%
Donegal MD Glenties
18%
Wexford MD Gorey-Kilmuckridge
18%
Longford MD Granard
18%
Meath MD Kells
18%
Kerry MD Kenmare
18%
Kerry MD Listowel
18%
County Cork MD Macroom
18%
Leitrim MD Manorhamilton
18%
Tipperary MD Nenagh
18%
Wexford MD New Ross
18%
Fingal LEA Ongar
18%
Dublin City LEA Pembroke
18%
Wexford MD Rosslare
18%
Fingal LEA Rush-Lusk
18%
Tipperary MD Thurles
18%
Offaly MD Tullamore
18%
Mayo MD Westport-Belmullet
18%
Limerick MD Adare-Rathkeale
9%
Louth MD Ardee
9%
Meath MD Ashbourne
9%
Kildare MD Athy
9%
Monaghan MD Ballybay-Clones
9%
Sligo MD Ballymote-Tobercurry
9%
Offaly MD Birr
9%
Laois MD Borris-in-Ossory-Mountmellick
9%
Roscommon MD Boyle
9%
Kilkenny MD Callan-Thomastown
9%
Monaghan MD Carrickmacross-Castleblayney
9%
Kilkenny MD Castlecomer
9%
Fingal LEA Castleknock
9%
Mayo MD Claremorris
9%
South Dublin LEA Clondalkin
9%
Tipperary BD Clonmel
9%
Offaly MD Edenderry
9%
South Dublin LEA Firhouse-Bohernabreena
9%
Galway City LEA Galway City Central
9%
Galway City LEA Galway City East
9%
Galway City LEA Galway City West
9%
Laois MD Graiguecullen-Portarlington
9%
Meath MD Laytown-Bettystown
9%
South Dublin LEA Lucan
9%
South Dublin LEA Palmerstown-Fonthill
9%
Kilkenny MD Piltown
9%
Meath MD Ratoath
9%
South Dublin LEA Tallaght Central
9%
South Dublin LEA Tallaght South
9%
Meath MD Trim
9%
Limerick MD Cappamore-Kilmallock
0%
Waterford MD Comeragh
0%
No matching quizzes found
Score Distribution
Percent of People with Each Score
Percentile by Number Answered
Your Score History
You have not taken this quiz